000 00625cam a22002293a 4500
001 18427
003 PGUSA
005 20140828083407.0
008 060520s2006||||xxu|||||s|||||000 1 eng d
040 _aPGUSA
_beng
042 _adc
050 4 _aPQ
100 1 _aLoti, Pierre,
_d1850-1923
245 1 0 _aMon frère Yves
_h[electronic resource] /
_cPierre Loti
260 _bProject Gutenberg,
_c2006
506 _aPublic domain in the USA.
516 _aElectronic text
653 _aBrittany (France) -- Fiction
830 0 _aProject Gutenberg
_v18427
856 4 0 _uhttp://www.gutenberg.org/ebooks/18427
942 _cEB
999 _c247682
_d247682